Chemical analysis based on nonlinearity /
Enregistré dans:
| Autres auteurs: | |
|---|---|
| Format: | Livre |
| Langue: | anglais |
| Publié: |
New York
Nova Science Publishers
2003.
|
| Sujets: | |
| Accès en ligne: | Table of contents Voir à l'OPAC |
| Tags: |
Pas de tags, Soyez le premier à ajouter un tag!
|
MARC
| LEADER | 00000cam a22000004a 4500 | ||
|---|---|---|---|
| 005 | 20260127134109.0 | ||
| 008 | 171201s2003 nyua b 001 0 eng | ||
| 010 | |a 2003-008966 | ||
| 020 | |a 1590337379 |q (hardcover) | ||
| 035 | |a vtls001518058 | ||
| 035 | |a ()13167477 | ||
| 039 | 9 | |a 201712011405 |b VLOAD |c 200903060854 |d mschk03 |c 200503080752 |d mschk03 |c 200503080749 |d mschk03 |y 200503080747 |z mschk03 | |
| 040 | |a STUSCHK1 |b slo |c STUSCHK1 | ||
| 042 | |a pcc | ||
| 082 | 0 | 0 | |a 681/.2 |2 21 |
| 245 | 0 | 0 | |a Chemical analysis based on nonlinearity / |c Satoshi Nakata, editor. |
| 260 | |a New York |b Nova Science Publishers |c 2003. | ||
| 300 | |a viii, 155 p. |b ill. |c 26 cm. | ||
| 504 | |a Includes bibliographical references and index. | ||
| 650 | 0 | |a Chemical detectors. | |
| 650 | 0 | |a Chemistry, Analytic |x Quantitative. | |
| 650 | 0 | |a Nonlinear theories. | |
| 700 | 1 | |a Nakata, Satoshi. | |
| 856 | 4 | 1 | |3 Table of contents |u http://www.loc.gov/catdir/toc/ecip043/2003008966.html |
| 906 | |a 7 |b cbc |c orignew |d 1 |e ecip |f 20 |g y-gencatlg | ||
| 910 | |a SCHK95 | ||
| 919 | |a 1-59033-737-9 | ||
| 925 | 0 | |a acquire |b 2 shelf copies |x policy default | |
| 955 | |d jp18 2003-04-22 to SL |e jp14 2003-04-23 to Dewey |f jf07 2004-03-25 |e jf12 2004-03-29 to BCCD | ||
| 999 | |c 4007 |d 4007 | ||